Metodika kontrolnej činnosti v podmienkach prevádzkových jednotiek Družstevného podniku cestovného ruchu TATRATOUR Bratislava záverečná práca postgraduálneho štúdia

Guardado en:
Detalles Bibliográficos
Autor principal: Mesárošová, Viera
Autor Corporativo: Vysoká škola ekonomická v Bratislave
Otros Autores: Lesáková, Dagmar, 1949-
Formato: Libro
Lenguaje:eslovaco
Publicado: Bratislava 1990
Etiquetas: Agregar Etiqueta
Sin Etiquetas, Sea el primero en etiquetar este registro!

MARC

LEADER 00000nam a2200000 4500
001 c030147
005 20260108101049.8
041 0 |a slo 
044 |a SK 
245 1 0 |a Metodika kontrolnej činnosti v podmienkach prevádzkových jednotiek Družstevného podniku cestovného ruchu TATRATOUR Bratislava  |b záverečná práca postgraduálneho štúdia  |c Viera Mesárošová ; ved. práce Dagmar Lesáková 
264 1 |a Bratislava  |c 1990 
300 |a 58 s. 
100 1 |a Mesárošová, Viera 
700 1 |a Lesáková, Dagmar, 1949- 
710 2 |a Vysoká škola ekonomická v Bratislave